[Event "Kaltern/Tramin-Arci"]
[Site "?"]
[Date "2015.11.14"]
[Round "2.4"]
[White "Kranebitter, Norbert"]
[Black "D'Ambrosio, Luca"]
[Result "1-0"]
[WhiteElo "2040"]
[BlackElo "1771"]
[PlyCount "107"]
[EventDate "2015.??.??"]

1. e4 Nf6 2. e5 Nd5 3. d4 d6 4. Nf3 Bg4 5. Be2 c6 6. O-O Bxf3 7. Bxf3 dxe5 8.
dxe5 e6 9. c4 Ne7 10. Qe2 Ng6 11. Bg4 Bc5 12. Kh1 O-O 13. Nc3 Qc7 14. f4 Nd7
15. Ne4 Be7 16. Be3 c5 17. Rad1 Rad8 18. Bh3 b6 19. Qh5 Nb8 20. Ng5 Bxg5 21.
Qxg5 Qe7 22. Qh5 Rxd1 23. Rxd1 Rd8 24. g3 Rxd1+ 25. Qxd1 Qd7 26. Qxd7 Nxd7 27.
Bg2 Ne7 28. g4 g6 29. Kg1 Nb8 30. Kf2 Nbc6 31. a3 Na5 32. Bf1 Nac6 33. Kf3 Kf8
34. Bd3 Ke8 35. Ke4 Kd7 36. Bd2 a5 37. Bc3 Ke8 38. Bc2 Kd8 39. Ba4 Kc7 40. Be1
Kc8 41. Bh4 Kc7 42. Bxe7 Nxe7 43. Be8 Nc6 44. Bxf7 Nd4 45. h4 Kd7 46. h5 gxh5
47. Bxh5 Ke7 48. f5 exf5+ 49. gxf5 h6 50. Bg4 Kf7 51. Kd5 Ke7 52. f6+ Kf7 53.
Bh5+ Kf8 54. e6 1-0

[Event "Kaltern/Tramin-Arci"]
[Site "?"]
[Date "2015.11.14"]
[Round "2.5"]
[White "Zanatta, Daniel"]
[Black "Waldner, Mirko"]
[Result "0-1"]
[WhiteElo "1592"]
[BlackElo "1900"]
[PlyCount "60"]
[EventDate "2015.??.??"]

1. e4 d6 2. Nc3 Nf6 3. f4 g6 4. Nf3 Bg7 5. Bc4 O-O 6. d3 Nc6 7. a4 Bg4 8. Be3
Qd7 9. O-O e6 10. h3 d5 11. Bc5 Bxf3 12. Qxf3 dxc4 13. Bxf8 Rxf8 14. dxc4 Qd4+
15. Kh2 Qxc4 16. e5 Nd7 17. Qe4 Qa6 18. b4 Ncxe5 19. Rad1 Nf6 20. Qe2 Qxe2 21.
Nxe2 Nc4 22. Rf3 Nd5 23. c3 c6 24. Nd4 Rd8 25. g3 Nb2 26. Rd2 Nxa4 27. Nxe6
fxe6 28. c4 Bc3 29. Rd1 Nb2 30. Rc1 Nxc4 0-1

[Event "Kaltern/Tramin-Arci"]
[Site "?"]
[Date "2015.11.14"]
[Round "2.1"]
[White "Seresin, Francesco"]
[Black "Bertagnolli, Alexander"]
[Result "1/2-1/2"]
[WhiteElo "1875"]
[BlackElo "2355"]
[PlyCount "47"]
[EventDate "2015.??.??"]

1. d4 Nf6 2. c4 c5 3. d5 b5 4. cxb5 a6 5. b6 e6 6. Nc3 exd5 7. Nxd5 Nxd5 8.
Qxd5 Nc6 9. Nf3 Rb8 10. e4 Be7 11. Bc4 O-O 12. O-O Rxb6 13. b3 Bb7 14. Qd2 Bf6
15. Bb2 Nd4 16. Nxd4 cxd4 17. Bxd4 Rd6 18. Bxf6 Qxf6 19. Qe3 Qe5 20. Rad1 Rh6
21. h3 d6 22. f4 Qxe4 23. Qxe4 Bxe4 24. Bxa6 1/2-1/2

[Event "Kaltern/Tramin-Arci"]
[Site "?"]
[Date "2015.11.14"]
[Round "2.2"]
[White "Paltrinieri, Nicholas"]
[Black "Olivetti, Davide"]
[Result "1/2-1/2"]
[WhiteElo "2201"]
[BlackElo "1975"]
[PlyCount "108"]
[EventDate "2015.??.??"]

1. d4 d5 2. Bg5 f6 3. Bd2 Nc6 4. e3 e5 5. Bb5 Bd6 6. c4 a6 7. Bxc6+ bxc6 8. c5
Be7 9. Ba5 Nh6 10. Nc3 O-O 11. Nge2 exd4 12. exd4 f5 13. f4 Ng4 14. Qd3 Re8 15.
g3 Bf8 16. Nd1 Qe7 17. h3 Nf6 18. Ndc3 Ne4 19. Rh2 g6 20. O-O-O Bg7 21. Rg2 Ra7
22. Kc2 Be6 23. Na4 Rb8 24. Rb1 Rb5 25. b4 g5 26. Rf1 g4 27. Nec3 Rb8 28. hxg4
fxg4 29. f5 Bf7 30. Re2 Qf6 31. Nxe4 dxe4 32. Rxe4 Rd8 33. Nc3 Rxd4 34. Rxd4
Qxd4 35. Qxd4 Bxd4 36. Rd1 Bxc3 37. Rd8+ Kg7 38. Kxc3 Kf6 39. Rf8 Kg7 40. Rd8
Kf6 41. Kd4 Kxf5 42. Rf8 Kg6 43. a3 h5 44. Ke3 Bd5 45. Kf4 Be6 46. Rh8 Bf7 47.
Rc8 Be6 48. Rd8 Bf7 49. Rd7 Be6 50. Re7 Kf6 51. Rh7 Kg6 52. Rh8 Kf7 53. Ke5 Kg7
54. Rd8 Kg6 1/2-1/2

[Event "Kaltern/Tramin-Arci"]
[Site "?"]
[Date "2015.11.14"]
[Round "2.3"]
[White "De Vita, Gianni"]
[Black "Panjkovic, Aleksandar"]
[Result "0-1"]
[WhiteElo "1908"]
[BlackElo "2086"]
[PlyCount "58"]
[EventDate "2015.??.??"]

1. e4 d6 2. Bc4 Nf6 3. d3 g6 4. Nf3 Bg7 5. O-O O-O 6. c3 Nc6 7. Bb3 h6 8. Re1
e5 9. h3 Be6 10. Nbd2 Nh5 11. Nf1 Kh7 12. d4 Bxb3 13. axb3 exd4 14. cxd4 Qd7
15. g4 Nf6 16. Kg2 a6 17. Bd2 Rae8 18. Ng3 d5 19. e5 Ne4 20. Bc3 Nxg3 21. fxg3
f6 22. Qd3 fxe5 23. dxe5 d4 24. Rad1 Qd5 25. Re4 Nxe5 26. Nxe5 Rxe5 27. Rde1
dxc3 28. Qxd5 Rxd5 29. bxc3 Rf7 0-1

[Event "Merania-J. Richter/Lask"]
[Site "?"]
[Date "2015.11.14"]
[Round "2.1"]
[White "Dappiano, Andrea"]
[Black "Bonagura, Stefano"]
[Result "0-1"]
[WhiteElo "2249"]
[BlackElo "2249"]
[PlyCount "82"]
[EventDate "2015.??.??"]

1. c4 e5 2. Nc3 Nc6 3. Nf3 Bb4 4. g3 Bxc3 5. bxc3 d6 6. Bg2 Nf6 7. O-O O-O 8.
d3 Re8 9. e4 Na5 10. Qa4 b6 11. Bg5 Bg4 12. h3 Bd7 13. Qd1 h6 14. Be3 c6 15.
Nh4 Qc8 16. Kh2 d5 17. cxd5 cxd5 18. Qd2 dxe4 19. Bxh6 gxh6 20. Qxh6 Re6 21.
Qg5+ Kh8 22. f4 exf3 23. Nxf3 Qg8 24. Qh4+ Nh7 25. Nxe5 Rxe5 26. Qd4 Rae8 27.
Qxd7 R5e7 28. Qf5 Qg6 29. Qd5 Re3 30. Rf3 Rxf3 31. Bxf3 Ng5 32. Bg2 Ne6 33. Rf1
Rd8 34. Qe5+ Qg7 35. Qh5+ Kg8 36. Bd5 Rd6 37. Qf3 Ng5 38. Qg2 Qe5 39. c4 Rh6
40. Rf4 Rxh3+ 41. Kg1 Qe3+ 0-1

[Event "Merania-J. Richter/Lask"]
[Site "?"]
[Date "2015.11.14"]
[Round "2.2"]
[White "Boraso, Alessio"]
[Black "Moncher, Stefano"]
[Result "0-1"]
[WhiteElo "2208"]
[BlackElo "2157"]
[PlyCount "54"]
[EventDate "2015.??.??"]

1. e4 e6 2. d4 d5 3. Nd2 Nf6 4. e5 Nfd7 5. Bd3 c5 6. c3 Nc6 7. Ne2 cxd4 8. cxd4
f6 9. exf6 Nxf6 10. Nf3 Bd6 11. O-O Qc7 12. g3 O-O 13. Bf4 Bd7 14. Rc1 Ng4 15.
Kg2 e5 16. dxe5 Bxe5 17. Nxe5 Ngxe5 18. Bb5 Qd6 19. Qb3 Kh8 20. Rfd1 d4 21.
Bxe5 Qxe5 22. f4 Qh5 23. Ng1 Rae8 24. Re1 Na5 25. Rxe8 Rxe8 26. Qb4 Bxb5 27.
Nf3 Bc6 0-1

[Event "Merania-J. Richter/Lask"]
[Site "?"]
[Date "2015.11.14"]
[Round "2.3"]
[White "Billio, Atto"]
[Black "Teutsch, Alexander"]
[Result "1/2-1/2"]
[WhiteElo "2035"]
[BlackElo "2012"]
[PlyCount "104"]
[EventDate "2015.??.??"]

1. c4 g6 2. g3 Bg7 3. Bg2 c5 4. Nc3 Nc6 5. Nf3 e5 6. O-O Nge7 7. a3 O-O 8. Rb1
a5 9. Ne1 d6 10. Nc2 Be6 11. Ne3 f5 12. d3 Bf7 13. Ned5 Nxd5 14. cxd5 Ne7 15.
e4 Qd7 16. b4 axb4 17. axb4 b6 18. Qb3 Ra7 19. bxc5 bxc5 20. Qb5 Rfa8 21. Bg5
h6 22. Qxd7 Rxd7 23. Bxe7 Rxe7 24. Rb6 Ra3 25. Rc1 Rd7 26. Bh3 Rd8 27. exf5 e4
28. fxg6 Bxg6 29. Nxe4 Rxd3 30. Nxc5 dxc5 31. Rxg6 R3xd5 32. Be6+ Kh7 33. Bxd5
Kxg6 34. Be4+ Kf7 35. Rxc5 Rd2 36. Rc2 Rxc2 37. Bxc2 Bb2 38. f4 Kf8 39. Kg2 Bc3
40. Kf3 Bb4 41. Kg4 Bc3 42. Kh5 Kg7 43. h4 Bb2 44. Kg4 Bc3 45. h5 Bb2 46. Kf5
Bc3 47. g4 Bd2 48. g5 hxg5 49. fxg5 Bxg5 50. Kxg5 Kh8 51. h6 Kg8 52. h7+ Kh8
1/2-1/2

[Event "Merania-J. Richter/Lask"]
[Site "?"]
[Date "2015.11.14"]
[Round "2.4"]
[White "Tappeiner, Michael"]
[Black "Perino, Alberto"]
[Result "0-1"]
[WhiteElo "1761"]
[BlackElo "1805"]
[PlyCount "104"]
[EventDate "2015.??.??"]

1. c4 c5 2. g3 g6 3. Bg2 Bg7 4. Nc3 Nc6 5. Nf3 d6 6. O-O h5 7. h4 Nh6 8. d3 O-O
9. Ng5 Bg4 10. Kh2 Rb8 11. f3 Bd7 12. Bh3 Nf5 13. e4 Nfd4 14. f4 e6 15. Be3 Qe7
16. Nf3 a6 17. f5 Ne5 18. Ng5 b5 19. cxb5 Nxb5 20. Rf2 Nxc3 21. bxc3 Ng4+ 22.
Bxg4 hxg4 23. fxg6 fxg6 24. Rc2 Ba4 25. Qd2 Bxc2 26. Qxc2 Bf6 27. Rb1 Rxb1 28.
Qxb1 Bxg5 29. Bxg5 Rf2+ 30. Kg1 Qf8 31. Bf4 Rf3 32. Qb3 Rxd3 33. Qxe6+ Kg7 34.
Qd7+ Qf7 35. Qxg4 Rxc3 36. h5 Rd3 37. e5 Qf5 38. h6+ Kh7 39. Qxf5 gxf5 40. e6
Rd1+ 41. Kf2 Kg6 42. h7 Rh1 43. Bxd6 c4 44. Ke3 Rxh7 45. Kd4 Rh2 46. Kxc4 Rxa2
47. Be5 a5 48. Kd5 a4 49. Kd6 a3 50. Kd7 Re2 51. Bh8 Kg5 52. e7 Kg4 0-1

[Event "Merania-J. Richter/Lask"]
[Site "?"]
[Date "2015.11.14"]
[Round "2.5"]
[White "Rigo, Gianfranco"]
[Black "Kaserer, Hanspeter"]
[Result "1-0"]
[WhiteElo "1874"]
[BlackElo "1674"]
[PlyCount "117"]
[EventDate "2015.??.??"]

1. e4 e5 2. Nf3 Nc6 3. d4 exd4 4. Bc4 Be7 5. c3 Bf6 6. cxd4 Na5 7. Bd3 g6 8.
O-O Bg7 9. Bd2 Nc6 10. Bc3 Nge7 11. d5 Bxc3 12. Nxc3 Nb8 13. Qd2 d6 14. Bb5+
Bd7 15. e5 O-O 16. exd6 cxd6 17. Bd3 Bf5 18. Rac1 Bxd3 19. Qxd3 Nd7 20. Rfe1
Nf5 21. Ne4 Rc8 22. Rxc8 Qxc8 23. g4 Nh6 24. h3 f5 25. Nxd6 Qc5 26. g5 Qxd6 27.
gxh6 Qf6 28. Qe2 Nb6 29. Qe6+ Rf7 30. Qxf6 Rxf6 31. Re8+ Rf8 32. Re7 Rf7 33. d6
Nd7 34. Ng5 Rxe7 35. dxe7 Nf6 36. Kf1 Ne8 37. Ke2 Nd6 38. Kd3 f4 39. Kc3 b6 40.
a4 f3 41. Kd3 a5 42. Ke3 Nf5+ 43. Kxf3 Nxe7 44. Ke4 Nc6 45. Kd5 Nb4+ 46. Kc4
Na6 47. Kb5 Nc5 48. f3 Kh8 49. b4 axb4 50. Kxb4 Nd3+ 51. Kb5 Nb2 52. Ne4 Kg8
53. Nf6+ Kh8 54. Nd5 Kg8 55. Nxb6 Nxa4 56. Nxa4 Kf7 57. Nc5 Kf6 58. Ne4+ Kf5
59. h4 1-0

[Event "Merania-J. Richter/Lask"]
[Site "?"]
[Date "2015.11.14"]
[Round "2.6"]
[White "Sbalchiero, Lorenzo"]
[Black "Kowalczyk, Martin"]
[Result "0-1"]
[WhiteElo "1455"]
[BlackElo "1774"]
[PlyCount "80"]
[EventDate "2015.??.??"]

1. e4 d6 2. d4 Nf6 3. Nc3 g6 4. f3 Bg7 5. Be3 c6 6. Bc4 Qa5 7. Bd2 Qb6 8. Nge2
Qxb2 9. Rb1 Qa3 10. Rb3 Qa5 11. Qc1 Qc7 12. Ng3 Nbd7 13. a4 e5 14. d5 O-O 15.
Be3 cxd5 16. Bxd5 Nc5 17. Ra3 Be6 18. O-O Bxd5 19. Nxd5 Nxd5 20. exd5 f5 21.
Bf2 Rac8 22. Rd1 Rfe8 23. h4 Qa5 24. h5 Qb4 25. hxg6 hxg6 26. c4 Nxa4 27. Qa1
Nc5 28. Qa2 Nd7 29. Rb1 Qxc4 30. Qxc4 Rxc4 31. Rxb7 Rc1+ 32. Nf1 Nc5 33. Bxc5
dxc5 34. Raxa7 Bh6 35. d6 c4 36. Rc7 Be3+ 37. Kh2 Bxa7 38. Rxa7 Rxf1 39. d7 Rd8
40. Rc7 Kf8 0-1

[Event "Klausen-Gries"]
[Site "?"]
[Date "2015.11.14"]
[Round "2.5"]
[White "Mair, Christoph"]
[Black "Schrott, Ernst"]
[Result "1-0"]
[WhiteElo "1925"]
[BlackElo "1882"]
[PlyCount "98"]
[EventDate "2015.??.??"]

1. d4 d5 2. Nf3 c5 3. c3 Nc6 4. Bf4 e6 5. e3 Bd6 6. Bg3 h5 7. Nbd2 h4 8. Bxd6
Qxd6 9. dxc5 Qxc5 10. Rc1 Qe7 11. b4 Bd7 12. Nb3 Rc8 13. b5 Nb8 14. Qd4 Nf6 15.
Qxa7 h3 16. g3 O-O 17. Qd4 Rfe8 18. Ne5 Ne4 19. Bd3 Qf6 20. O-O Nd6 21. a4 Nc4
22. f4 Nxe5 23. fxe5 Qg5 24. Rf4 Rc7 25. Rg4 Qh5 26. Rf1 Rec8 27. Rh4 Qg5 28.
Bh7+ Kf8 29. Rg4 Qh6 30. Rh4 Qg5 31. Nd2 Rxc3 32. Bd3 Be8 33. Qb4+ R8c5 34.
Rhf4 b6 35. Nb3 Rxd3 36. Nxc5 bxc5 37. Qxc5+ Qe7 38. Qc8 Nd7 39. Rxf7+ Qxf7 40.
Rxf7+ Kxf7 41. a5 Rd1+ 42. Kf2 Rd2+ 43. Kf3 Rxh2 44. Kg4 Nxe5+ 45. Kf4 Ng6+ 46.
Kg4 Ne7 47. Qb8 Ra2 48. Kxh3 Rxa5 49. Qf4+ Nf5 1-0

[Event "Klausen-Gries"]
[Site "?"]
[Date "2015.11.14"]
[Round "2.6"]
[White "Sigmund, Ingenuin"]
[Black "Paulmichl, Martin"]
[Result "1/2-1/2"]
[WhiteElo "1729"]
[BlackElo "1922"]
[PlyCount "74"]
[EventDate "2015.??.??"]

1. Nf3 d5 2. g3 c5 3. Bg2 Nc6 4. d4 cxd4 5. Nxd4 e5 6. Nxc6 bxc6 7. O-O Bc5 8.
c3 Ne7 9. b4 Bb6 10. Bb2 O-O 11. e3 Be6 12. Nd2 f6 13. Qe2 Rc8 14. a4 a6 15.
Qd3 d4 16. exd4 exd4 17. cxd4 Re8 18. a5 Ba7 19. Rfe1 Bd5 20. Be4 Bxe4 21. Rxe4
Nd5 22. Rae1 Rxe4 23. Rxe4 Nc7 24. Qc4+ Qd5 25. Qe2 h6 26. Re7 Kf8 27. Nf3 Re8
28. Rxe8+ Nxe8 29. Qxa6 Qxf3 30. Qxa7 Qe4 31. Qc5+ Kf7 32. Qc1 Nc7 33. h4 Nb5
34. Qc4+ Kf8 35. Bc1 Nxd4 36. Qc5+ Kf7 37. Be3 Qb1+ 1/2-1/2

[Event "Klausen-Gries"]
[Site "?"]
[Date "2015.11.14"]
[Round "2.1"]
[White "Spornberger, Maximilian"]
[Black "Schacher, Gerd"]
[Result "1/2-1/2"]
[WhiteElo "2338"]
[BlackElo "2295"]
[PlyCount "40"]
[EventDate "2015.??.??"]

1. e4 c5 2. d4 cxd4 3. c3 e5 4. Bc4 Nc6 5. Nf3 Qc7 6. Bb3 Bc5 7. O-O Nf6 8.
cxd4 Nxd4 9. Nxd4 Bxd4 10. Nc3 Bxc3 11. bxc3 O-O 12. Ba3 Re8 13. Bd6 Qc6 14. f3
a5 15. Qd3 b5 16. Rfd1 Ba6 17. Qe3 Rac8 18. Rac1 a4 19. Bd5 Nxd5 20. Rxd5 Qc4
1/2-1/2

[Event "Klausen-Gries"]
[Site "?"]
[Date "2015.11.14"]
[Round "2.2"]
[White "Seebacher, Reinhard"]
[Black "Spornberger, Andre"]
[Result "1/2-1/2"]
[WhiteElo "1911"]
[BlackElo "2158"]
[PlyCount "82"]
[EventDate "2015.??.??"]

1. e4 e6 2. d4 d5 3. e5 c5 4. c3 Nc6 5. Nf3 Qb6 6. a3 Nh6 7. b4 cxd4 8. cxd4
Nf5 9. Be3 Be7 10. Bd3 O-O 11. O-O f6 12. Bxf5 exf5 13. Nc3 Be6 14. exf6 Bxf6
15. Ne2 h6 16. h4 Bf7 17. Qd3 Rae8 18. Ng3 Bg6 19. b5 Nd8 20. Ne5 Bxh4 21. Ne2
Bh7 22. f4 Qe6 23. Rac1 Nf7 24. Rc7 Re7 25. Rfc1 Nd6 26. Bd2 Rxc7 27. Rxc7 Rc8
28. Rxc8+ Nxc8 29. Bb4 Be7 30. Qc3 Bxb4 31. Qxb4 Qd6 32. Qc5 Qxc5 33. dxc5 Kf8
34. Nd4 Ne7 35. Ne6+ Kg8 36. Nd8 b6 37. c6 g5 38. g3 Kg7 39. Nef7 gxf4 40. gxf4
Bg8 41. Nd6 Kf6 1/2-1/2

[Event "Klausen-Gries"]
[Site "?"]
[Date "2015.11.14"]
[Round "2.4"]
[White "Schrott, Johann"]
[Black "Zammarchi, Massimo"]
[Result "1-0"]
[WhiteElo "1812"]
[BlackElo "1939"]
[PlyCount "115"]
[EventDate "2015.??.??"]

1. e4 e5 2. Nf3 Nc6 3. Bb5 a6 4. Ba4 Nf6 5. O-O Be7 6. Re1 b5 7. Bb3 O-O 8. c3
d5 9. d3 dxe4 10. dxe4 Qxd1 11. Bxd1 Nd7 12. Be3 Na5 13. Nbd2 c5 14. b3 Rd8 15.
Bc2 Bb7 16. Nf1 Rac8 17. Rad1 b4 18. c4 Nc6 19. Ng3 g6 20. Nd2 Nd4 21. Bb1 Bd6
22. Rf1 h5 23. Bd3 Ne6 24. Ne2 Nf4 25. Bxf4 exf4 26. f3 Be5 27. g3 g5 28. gxf4
gxf4 29. Kf2 Kg7 30. Rg1+ Kf6 31. Bc2 Nf8 32. Nb1 Ne6 33. Rxd8 Rxd8 34. Rg2 Bc8
35. Ke1 Nd4 36. Nxd4 Bxd4 37. h4 Re8 38. Rg5 Re5 39. Rg8 Bh3 40. Bd3 Bf5 41. a3
Bg6 42. Rb8 bxa3 43. Nxa3 Ke7 44. Nc2 Bc3+ 45. Ke2 f5 46. Rb7+ Kf6 47. Rb6+ Re6
48. Rb8 fxe4 49. fxe4 Bxe4 50. Bxe4 Rxe4+ 51. Kf3 Re6 52. Rf8+ Ke5 53. Rh8 Rb6
54. Rxh5+ Ke6 55. Rh6+ Bf6 56. Kxf4 Rxb3 57. Ne3 Rc3 58. Rxf6+ 1-0

[Event "Klausen-Gries"]
[Site "?"]
[Date "2015.11.14"]
[Round "2.3"]
[White "Niederstaetter, Harald"]
[Black "Seebacher, Michael"]
[Result "1/2-1/2"]
[WhiteElo "1952"]
[BlackElo "1766"]
[PlyCount "22"]
[EventDate "2015.??.??"]

1. d4 Nc6 2. Nf3 d6 3. e4 e5 4. dxe5 Nxe5 5. Nxe5 dxe5 6. Qxd8+ Kxd8 7. Be3 Nf6
8. f3 Be6 9. Nd2 Bd6 10. Bc4 Ke7 11. Rd1 Rad8 1/2-1/2

[Event "Ehrenburg-Ehrenburg2"]
[Site "?"]
[Date "2015.11.14"]
[Round "2.1"]
[White "Ploner, Heinz"]
[Black "Gruber, Alexander"]
[Result "1/2-1/2"]
[WhiteElo "1584"]
[BlackElo "1750"]
[PlyCount "41"]
[EventDate "2015.??.??"]

1. d4 e6 2. Nf3 Nf6 3. Bf4 d5 4. e3 Bd6 5. Bg3 c5 6. Nbd2 Nc6 7. c3 O-O 8. Bd3
Re8 9. Ne5 Qc7 10. Ndf3 Ne4 11. Nd2 f5 12. Nxe4 fxe4 13. Bb5 Rf8 14. Bxc6 Bxe5
15. Bxe5 Qxc6 16. O-O b6 17. f4 exf3 18. Rxf3 Ba6 19. Qe1 Bd3 20. Qg3 g6 21. h3
1/2-1/2

[Event "Ehrenburg-Ehrenburg2"]
[Site "?"]
[Date "2015.11.14"]
[Round "2.2"]
[White "Mairhofer, Lino"]
[Black "Messner, Hannes"]
[Result "1/2-1/2"]
[WhiteElo "1737"]
[BlackElo "1482"]
[PlyCount "42"]
[EventDate "2015.??.??"]

1. e4 d6 2. d4 g6 3. Nc3 Bg7 4. Be3 c6 5. f3 e5 6. Nge2 Nf6 7. Qd2 O-O 8. h4 b5
9. g4 Nxg4 10. fxg4 Bxg4 11. dxe5 dxe5 12. Qxd8 Rxd8 13. Bh3 Bxh3 14. Rxh3 Nd7
15. O-O-O Nf6 16. b4 Rxd1+ 17. Kxd1 Bf8 18. Rf3 Nd7 19. a3 a5 20. Na2 axb4 21.
Nxb4 c5 1/2-1/2

[Event "Ehrenburg-Ehrenburg2"]
[Site "?"]
[Date "2015.11.14"]
[Round "2.3"]
[White "Messner, Alex"]
[Black "Falkensteiner, Benjamin"]
[Result "1/2-1/2"]
[WhiteElo "1641"]
[BlackElo "1505"]
[PlyCount "47"]
[EventDate "2015.??.??"]

1. Nf3 d6 2. g3 g6 3. Bg2 Nf6 4. O-O Bg7 5. d3 O-O 6. e4 e5 7. Nbd2 b6 8. c3
Bb7 9. Ne1 c5 10. f4 Nc6 11. Ndf3 Nd7 12. f5 Nf6 13. Nh4 Ne7 14. g4 h6 15. g5
hxg5 16. Bxg5 d5 17. fxg6 fxg6 18. Qb3 Kh7 19. exd5 Bxd5 20. Bxd5 Qxd5 21. Qxd5
Nexd5 22. Nef3 Nd7 23. Rae1 Rae8 24. h3 1/2-1/2

[Event "Ehrenburg-Ehrenburg2"]
[Site "?"]
[Date "2015.11.14"]
[Round "2.4"]
[White "Mitterhofer, Martin"]
[Black "Harrasser, Jakob"]
[Result "1/2-1/2"]
[WhiteElo "1564"]
[BlackElo "1420"]
[PlyCount "71"]
[EventDate "2015.??.??"]

1. e4 c5 2. Nf3 d6 3. Bb5+ Bd7 4. Be2 g6 5. O-O Bg7 6. d4 cxd4 7. Nxd4 Nc6 8.
c3 Nf6 9. f3 O-O 10. Be3 Nxd4 11. cxd4 e6 12. Nc3 a6 13. Qd2 Ne8 14. Rac1 Rc8
15. Bh6 Qf6 16. Bxg7 Qxg7 17. e5 dxe5 18. dxe5 Bc6 19. f4 Nc7 20. Bf3 Rfd8 21.
Qe3 Nd5 22. Nxd5 exd5 23. Rfd1 h5 24. Bxd5 Qf8 25. Bxc6 Rxd1+ 26. Rxd1 Rxc6 27.
Qd4 Qc5 28. Qxc5 Rxc5 29. Rd2 Rc6 30. Kf2 Kf8 31. Ke3 Rc4 32. Kd3 Rxf4 33. Ke3
Rc4 34. Kd3 Rc7 35. Ke4 Rc4+ 36. Kd5 1/2-1/2

[Event "Ehrenburg-Ehrenburg2"]
[Site "?"]
[Date "2015.11.14"]
[Round "2.5"]
[White "Hernegger, Christian"]
[Black "Gatterer, Urban"]
[Result "1/2-1/2"]
[WhiteElo "1192"]
[BlackElo "1308"]
[PlyCount "20"]
[EventDate "2015.??.??"]

1. d4 d5 2. c4 c6 3. Nf3 e6 4. Nc3 Nf6 5. e3 Nbd7 6. Be2 Be7 7. O-O O-O 8. c5
b6 9. b4 a5 10. b5 Bb7 1/2-1/2

[Event "Taufers-Lana"]
[Site "?"]
[Date "2015.11.14"]
[Round "2.1"]
[White "Innerhofer, Stefan"]
[Black "Holzer, Philipp"]
[Result "1/2-1/2"]
[WhiteElo "1625"]
[BlackElo "1830"]
[PlyCount "79"]
[EventDate "2015.??.??"]

1. f4 d5 2. Nf3 Nf6 3. e3 Bg4 4. Be2 e6 5. b3 Bd6 6. Bb2 O-O 7. O-O Nbd7 8. Nc3
c6 9. Ng5 Bxe2 10. Nxe2 e5 11. fxe5 Bxe5 12. Bxe5 Nxe5 13. Nf3 Qd6 14. Nxe5
Qxe5 15. Nd4 g6 16. a4 Kg7 17. b4 a6 18. c3 Ne4 19. Qc2 h5 20. Rf4 f5 21. Raf1
Rae8 22. Nf3 Qe7 23. Nd4 Kh7 24. R1f3 Rf6 25. Rh3 Ng5 26. Rg3 Ne4 27. Rh3 Qf7
28. Rfh4 Ng5 29. Rg3 Ne4 30. Rgh3 Ng5 31. Rg3 Re4 32. Rxe4 fxe4 33. Qd1 Ne6 34.
Nxe6 Qxe6 35. Rg5 Kh6 36. h4 Rf5 37. Rxf5 Qxf5 38. Qe1 g5 39. hxg5+ Kxg5 40.
Qg3+ 1/2-1/2

[Event "Naturns2-Ridnaun"]
[Site "?"]
[Date "2015.11.14"]
[Round "2.1"]
[White "Aigner, Helmut"]
[Black "Wielander, Wolfgang"]
[Result "1-0"]
[WhiteElo "1858"]
[BlackElo "1430"]
[PlyCount "47"]
[EventDate "2015.??.??"]

1. e4 c5 2. Nf3 d6 3. d4 cxd4 4. Nxd4 Nf6 5. Nc3 a6 6. Bg5 e6 7. Qd2 Be7 8. f3
Qc7 9. O-O-O b5 10. Bd3 O-O 11. h4 Bb7 12. Kb1 Nc6 13. Nxc6 Bxc6 14. g4 b4 15.
Ne2 d5 16. e5 Ne8 17. Nd4 Bb7 18. f4 Bc5 19. Nb3 h6 20. f5 hxg5 21. hxg5 Qxe5
22. Nxc5 Bc6 23. Qg2 g6 24. Qh3 1-0

[Event "Steinegg-Naturns2"]
[Site "?"]
[Date "2015.11.14"]
[Round "2.3"]
[White "Christanell, Anton"]
[Black "Pichler, Martin"]
[Result "1/2-1/2"]
[WhiteElo "1548"]
[BlackElo "1641"]
[PlyCount "72"]
[EventDate "2015.??.??"]

1. d4 Nf6 2. Nf3 g6 3. b3 Bg7 4. Bb2 d6 5. e3 O-O 6. Be2 Nbd7 7. O-O e5 8. dxe5
Ng4 9. Nbd2 Ngxe5 10. Rb1 Qe7 11. Nxe5 dxe5 12. Bf3 Re8 13. a3 h6 14. b4 Nb6
15. Qe2 f5 16. e4 f4 17. Nc4 Nd7 18. Rfd1 g5 19. Bg4 Rf8 20. f3 Qe8 21. Rd5 c6
22. Nd6 Qd8 23. Be6+ Kh7 24. Rd2 Qe7 25. Bf5+ Rxf5 26. Nxf5 Qe6 27. Nxg7 Kxg7
28. Rbd1 Nb6 29. Rd6 Qe7 30. Qd3 g4 31. fxg4 Bxg4 32. Rd2 Rf8 33. Qc3 Re8 34.
Qd3 Rf8 35. Qc3 Re8 36. Qd3 Rf8 1/2-1/2

[Event "Steinegg-Naturns2"]
[Site "?"]
[Date "2015.11.14"]
[Round "2.2"]
[White "Engl, Alexander"]
[Black "Naegele, Raimund"]
[Result "0-1"]
[WhiteElo "1851"]
[BlackElo "1663"]
[PlyCount "68"]
[EventDate "2015.??.??"]

1. e4 c6 2. d4 d5 3. Nd2 dxe4 4. Nxe4 Bf5 5. Ng3 Bg6 6. Nf3 Nd7 7. h4 h6 8. h5
Bh7 9. Bd3 Bxd3 10. Qxd3 e6 11. Bf4 Ngf6 12. O-O-O Be7 13. Kb1 O-O 14. Nf1 Nd5
15. Bg3 b5 16. Ne5 Nxe5 17. Bxe5 Bf6 18. Bh2 Qb6 19. Ne3 Rfd8 20. c3 c5 21. Nc2
b4 22. c4 Nc7 23. Qg3 Rac8 24. dxc5 Qxc5 25. Rxd8+ Bxd8 26. b3 Nd5 27. Qd3 Nc3+
28. Kc1 Nxa2+ 29. Kb2 Qa5 30. Re1 Bf6+ 31. Kb1 Nc3+ 32. Kc1 Qa2 33. Nxb4 Qxb3
34. Bd6 Rxc4 0-1

[Event "Steinegg-Naturns2"]
[Site "?"]
[Date "2015.11.14"]
[Round "2.4"]
[White "Lantschner, Carmen"]
[Black "Nischler, Hermann"]
[Result "1-0"]
[WhiteElo "1618"]
[BlackElo "1473"]
[PlyCount "101"]
[EventDate "2015.??.??"]

1. e4 Nf6 2. Nc3 d5 3. exd5 Nxd5 4. Nxd5 Qxd5 5. d4 g6 6. c4 Qd8 7. Be3 Bg7 8.
Nf3 O-O 9. Be2 Bg4 10. O-O Nc6 11. d5 Nb8 12. Bd4 Qd6 13. Bxg7 Kxg7 14. Qd4+
Qf6 15. Qxg4 Qxb2 16. Qd4+ Qxd4 17. Nxd4 Nd7 18. Rfe1 Rfe8 19. Bf3 Nc5 20. Re3
e5 21. dxe6 Nxe6 22. Nxe6+ fxe6 23. Rd1 Re7 24. Bxb7 Rb8 25. Rb3 Kf6 26. Kf1 c5
27. Be4 Rc8 28. Ke2 Rcc7 29. Rb8 Ke5 30. Ke3 Kf6 31. Rdd8 Kg5 32. g3 e5 33. Bd5
Kh6 34. Rg8 g5 35. Rbd8 Rg7 36. Rd6+ Rg6 37. Rdxg6+ hxg6 38. Re8 g4 39. Rxe5 a5
40. Kf4 a4 41. Kxg4 a3 42. f4 Rd7 43. h3 Rd6 44. Re6 Rd7 45. h4 Kg7 46. Ra6 Re7
47. Rxa3 Re2 48. Ra7+ Kh6 49. Bg8 g5 50. h5 Re7 51. Rxe7 1-0

[Event "Steinegg-Naturns2"]
[Site "?"]
[Date "2015.11.14"]
[Round "2.5"]
[White "Zoeschg, Herbert"]
[Black "Mair, Stefan"]
[Result "1-0"]
[WhiteElo "1542"]
[BlackElo "1434"]
[PlyCount "89"]
[EventDate "2015.??.??"]

1. d4 d5 2. Bf4 Bf5 3. e3 Nf6 4. Bd3 Bg6 5. c3 e6 6. h3 Bd6 7. Bxg6 hxg6 8. Bg5
Be7 9. Nd2 Nc6 10. Ngf3 Qd7 11. Qc2 O-O-O 12. O-O-O Kb8 13. Kb1 Rc8 14. e4 dxe4
15. Nxe4 Nxe4 16. Qxe4 Bxg5 17. Nxg5 Rh5 18. h4 Rch8 19. d5 exd5 20. Rxd5 Qc8
21. Nxf7 Re8 22. Qd3 Rxd5 23. Qxd5 Qg4 24. Ng5 Rd8 25. Qf3 Qc4 26. Qe4 Qb5 27.
Re1 Rd2 28. Qe8+ Rd8 29. Qxg6 Ne5 30. Qc2 a6 31. Ne6 Rd5 32. Nd4 Qb6 33. Qe2
Rc5 34. Nb3 Nc4 35. Nxc5 Qxc5 36. Qe8+ Ka7 37. Qe2 Qf5+ 38. Ka1 Qc5 39. Rd1 Qc6
40. g4 g6 41. h5 gxh5 42. gxh5 a5 43. h6 Nb6 44. h7 Qh6 45. Rd3 1-0

[Event "Kaltern/Tramin2-Brixen/Milland"]
[Site "?"]
[Date "2015.11.14"]
[Round "2.1"]
[White "Sader, Michael"]
[Black "Dibiasi, Rainer"]
[Result "1-0"]
[WhiteElo "1801"]
[BlackElo "2150"]
[PlyCount "87"]
[EventDate "2015.??.??"]

1. c4 c5 2. Nc3 Nc6 3. g3 g6 4. Bg2 Bg7 5. Rb1 Nf6 6. a3 O-O 7. b4 cxb4 8. axb4
Ne5 9. d3 d6 10. f4 Neg4 11. h3 Nh5 12. Ne4 Ngf6 13. Nxf6+ Bxf6 14. Kf2 e5 15.
Bf3 exf4 16. Bxh5 fxg3+ 17. Kxg3 Be5+ 18. Kg2 gxh5 19. Nf3 Kh8 20. Bb2 Bxb2 21.
Rxb2 Qf6 22. Qa1 Rg8+ 23. Kf2 Qf4 24. Ra2+ f6 25. Qd4 Qxd4+ 26. Nxd4 a6 27. Ra5
Rg5 28. h4 Re5 29. Nf3 Rxa5 30. bxa5 Kg7 31. Rb1 Kf7 32. Nd2 f5 33. Rb6 Ke7 34.
Nb1 Ra7 35. Nc3 Be6 36. Ke3 Kd7 37. Kd4 Kc7 38. Nd5+ Bxd5 39. Kxd5 Ra8 40. Rxd6
Rf8 41. Rh6 Rf7 42. Rxh5 b5 43. cxb5 axb5 44. Kc5 1-0